000 01162cam a22002657i 4500
999 _c3704
_d3704
001 20945145
003 OSt
005 20240924152644.0
008 190423s2018 enka 001 0 eng
010 _a 2018420638
020 _a9780198409908
040 _aDLC
_cDLC
_erda
_dDLC
_dKH8
082 _a570 FOS
100 1 _aFosbery, Richard,
_eauthor.
245 1 0 _aExam success in biology :
_bfor Cambridge international AS & A level /
_cRichard Fosbery.
264 1 _aOxford, UK :
_bOxford Uinversity Ptress,
_c2018.
300 _aiv, 260 pages ;
_c30 cm
336 _atext
_btxt
_2rdacontent
337 _aunmediated
_bn
_2rdamedia
338 _avolume
_bnc
_2rdacarrier
500 _aIncludes index.
520 _aExam success in Biology for Cambridge International AS & A level is designed specifically to encourage grade improvement and to maximise student performance in the examination. Covering key topics in the Cambridge syllabus, this book provides practical advice, examiner tips, and exam-style questions to ensure students approach their exam fully prepared and with confidence.
650 0 _aBiology
_xExaminations
_vStudy guides.
942 _2ddc
_cTR